| 000 | 01002nam a2200277Ia 4500 | ||
|---|---|---|---|
| 001 | Para_10023 | ||
| 003 | CHAP | ||
| 008 | 220125sSept xx 000 0 und d | ||
| 010 | _a208726 | ||
| 040 | _cCHAP | ||
| 090 | _aPA CD - TESIS 104 | ||
| 100 |
_aCruz Betanzos, Nivi _929308 |
||
| 245 |
_aEfecto del preparado homeopático 12C VMC en el desarrollo de calabaza zucchini infectada con Squash mosaic virus / _c Nivi Cruz Betanzos; Director Cesáreo Rodríguez Hernández |
||
| 260 |
_aChapingo, Méx. : _b el autor |
||
| 300 | _a1 CDS ROM (24 p.) | ||
| 502 | _aTesis (Ing. Agr. Esp. en Parasitología Agrícola). UACh. Departamento Parasitología Agrícola | ||
| 700 |
_aRodríguez Hernández, Cesáreo. Director _9175118 |
||
| 710 |
_aUACh. Departamento Parasitología Agrícola _9164025 |
||
| 901 | _aPA CD - TESIS 104 | ||
| 902 | _aM | ||
| 905 | _a513220Septiembre,2011 n 8100000000 06 | ||
| 910 | _aSept | ||
| 942 | _cPARA | ||
| 942 |
_cPARA _d2 |
||
| 999 |
_c208726 _d208726 |
||